000
00304 a2200145 4500
003
Nust
005
20170207153519.0
040
_c
Nust
082
_a
891.439
100
_a
Rehman, Shafquer
245
_a
Lehreen
_c
Shafque -ur- Rehman
260
_a
Lahore
_b
Mavra
300
_a
174:p
650
_a
Urdu Literature
942
_2
ddc
_c
BK
999
_c
187621
_d
187621